| 000 | 00380cam a2200157ua 4500 | ||
|---|---|---|---|
| 041 |
_aeng _h |
||
| 082 |
_a658.4034 _bCOHEN/OP |
||
| 100 | _aCohen, S S . | ||
| 245 |
_aOperational research / _cS S Cohen. _hTextual Documents |
||
| 250 |
_a1 / _b. |
||
| 260 |
_aLondon : _bEdward Arnold Publications Ltd. |
||
| 300 | _a245 ; . | ||
| 504 | _a | ||
| 942 | _cBK | ||
| 999 |
_c9939 _d9939 |
||